Bundesliga Players 23/24 - Statistics

General Stats
  • This quiz has been taken 82 times
  • The average score is 14 of 18
Answer Stats
Picture Answer % Correct
Mario Götze
99%
Thomas Müller
99%
Timo Werner
99%
Granit Xhaka
91%
Nico Schlotterbeck
91%
Robin Gosens
89%
Maximilian Arnold
88%
Alexander Nübel
86%
Andrej Kramaric
86%
Vincenzo Grifo
83%
Naby Keita
78%
Julian Weigl
74%
Tim Kleindienst
68%
Florian Kainz
66%
Ruben Vargas
66%
Takuma Asano
66%
Dominik Kohr
53%
Klaus Gjasula
36%
No matching quizzes found
Score Distribution
Percent of People with Each Score
Percentile by Number Answered
Your Score History
You have not taken this quiz